La nueva formación del docente: (Record no. 117996)
[ view plain ]
| 000 -LEADER | |
|---|---|
| fixed length control field | 00759cam a2200229 4500 |
| 008 - FIXED-LENGTH DATA ELEMENTS--GENERAL INFORMATION | |
| fixed length control field | 070424s20042004mx 000 0 spa u |
| 020 ## - INTERNATIONAL STANDARD BOOK NUMBER | |
| International Standard Book Number | 8487682545 |
| 100 1# - MAIN ENTRY--PERSONAL NAME | |
| Personal name | Lawn, Martin |
| 245 13 - TITLE STATEMENT | |
| Title | La nueva formación del docente: |
| Remainder of title | Identidad, Profesionalismo y trabajo en la enseñanza / |
| Statement of responsibility, etc | Martín lawn, Jenny Ozga coaut; Jose M Pomares tr. |
| 250 ## - EDITION STATEMENT | |
| Edition statement | 1a ed. |
| 260 ## - PUBLICATION, DISTRIBUTION, ETC. (IMPRINT) | |
| Place of publication, distribution, etc | México: |
| Name of publisher, distributor, etc | Pomares ; |
| Date of publication, distribution, etc | 2004 |
| 300 ## - PHYSICAL DESCRIPTION | |
| Extent | 256p.: |
| Dimensions | 23cm |
| 504 ## - BIBLIOGRAPHY, ETC. NOTE | |
| Bibliography, etc | Bibliografia p.235-246 e índice |
| 590 ## - LOCAL NOTE (RLIN) | |
| Local note | PIFI 3.1 |
| 650 #4 - SUBJECT ADDED ENTRY--TOPICAL TERM | |
| Topical term or geographic name as entry element | Mestros, formación de |
| Geographic subdivision | Gran bretaña |
| 650 #4 - SUBJECT ADDED ENTRY--TOPICAL TERM | |
| Topical term or geographic name as entry element | educación y estado |
| Geographic subdivision | Gran Bretaña |
| 700 1# - ADDED ENTRY--PERSONAL NAME | |
| Personal name | Ozga, Jenny coaut. |
| 700 1# - ADDED ENTRY--PERSONAL NAME | |
| Personal name | Pomares, Jose M. tr. |
| 942 ## - ADDED ENTRY ELEMENTS (KOHA) | |
| Source of classification or shelving scheme | Biblioteca del Cogreso de los Estados Unidos |
| Koha item type | Libro |
| Estado de pérdida | Fuente de clasificación | Estado del daño | No para préstamo | Ubicación permanente | Ubicación actual | Apartado o colección | Fecha de adquisición | Edición | Dependencia de educación superior (DES) | Área del conocimiento | Clasificación | Código de Barras | Date last seen | Número de copia | Tipo de recurso |
|---|---|---|---|---|---|---|---|---|---|---|---|---|---|---|---|
| Biblioteca del Cogreso de los Estados Unidos | Biblioteca de la Facultad de Odontología | Biblioteca de la Facultad de Odontología | General | 12/08/2016 | 1a. ed. | Ciencias de la Salud | Educación y Humanidades | LB1725.G7 L38 2004 | BFO000002745 | 12/08/2016 | C:3 | Libro | |||
| Biblioteca del Cogreso de los Estados Unidos | Biblioteca de la Facultad de Odontología | Biblioteca de la Facultad de Odontología | General | 12/08/2016 | 1a. ed. | Ciencias de la Salud | Educación y Humanidades | LB1725.G7 L38 2004 | BFO000002743 | 12/08/2016 | C:2 | Libro | |||
| Biblioteca del Cogreso de los Estados Unidos | Biblioteca de la Facultad de Odontología | Biblioteca de la Facultad de Odontología | General | 12/08/2016 | 1a. ed. | Ciencias de la Salud | Educación y Humanidades | LB1725.G7 L38 2004 | BFO000002744 | 12/08/2016 | C:1 | Libro |